[Event "XV Bancpost"]
[Site "Miercurea Ciuc"]
[Date "2012.08.09"]
[Round "2.13"]
[White "Banzea, Alexandru-Bogdan"]
[Black "Osvath, Zoltan"]
[Result "1/2-1/2"]
[WhiteElo "1637"]
[BlackElo "1910"]
[PlyCount "116"]
[EventDate "2012.??.??"]

1. e4 c6 2. d4 d5 3. exd5 cxd5 4. Bd3 Nf6 5. c3 Bg4 6. Qb3 Qc7 7. Ne2 Nbd7 8.
Bf4 Qb6 9. O-O e6 10. Nd2 Be7 11. Qxb6 Nxb6 12. f3 Bh5 13. a4 Rc8 14. a5 Nc4
15. Nxc4 dxc4 16. Bc2 O-O 17. a6 b6 18. Ng3 Bg6 19. Bxg6 hxg6 20. Ne4 Nd5 21.
Bd6 Rfd8 22. Bxe7 Nxe7 23. Rfe1 Nd5 24. g3 Rc6 25. Kf2 Nc7 26. Ra2 b5 27. Nc5
Rdd6 28. Rea1 e5 29. Ne4 Rd5 30. dxe5 Rxe5 31. Rd1 Rd5 32. Raa1 f5 33. Ng5 Rdd6
34. Rxd6 Rxd6 35. Re1 Kf8 36. Nh7+ Kg8 37. Ng5 Rxa6 38. Re7 Rc6 39. Rd7 Kf8 40.
Rf7+ Ke8 41. Rxg7 a5 42. f4 b4 43. Rg8+ Kd7 44. Nf3 bxc3 45. Ne5+ Ke7 46. Nxc6+
Kf7 47. bxc3 Kxg8 48. Nxa5 Nd5 49. Nxc4 Nxc3 50. Ke3 Kg7 51. h3 Kf6 52. g4 Nd5+
53. Kf3 g5 54. fxg5+ Kxg5 55. h4+ Kxh4 56. gxf5 Kg5 57. Ke4 Ne7 58. f6 Kxf6
1/2-1/2

 Kxf6
1/2-1/2

[Event "XV Bancpost"]
[Site "Miercurea Ciuc"]
[Date "2012.08.09"]
[Round "2.15"]
[White "Varga, Adrienn"]
[Black "Szebeni-Janosi, Pal"]
[Result "1-0"]
[WhiteElo "1550"]
[BlackElo "1812"]
[PlyCount "57"]
[EventDate "2012.??.??"]

1. e4 e5 2. Nf3 Nc6 3. Bb5 f5 4. d3 Nf6 5. Nc3 Be7 6. Bxc6 dxc6 7. Nxe5 O-O 8.
O-O fxe4 9. dxe4 Be6 10. f3 Bc5+ 11. Kh1 Bd4 12. Nd3 Bxc3 13. bxc3 Bc4 14. Bg5
Qe8 15. Re1 Rd8 16. e5 h6 17. exf6 Qg6 18. Bf4 Bxd3 19. cxd3 Qxf6 20. Bxc7 Rde8
21. Rxe8 Rxe8 22. d4 b6 23. Be5 Qg6 24. Qb3+ Kh8 25. Rd1 b5 26. Qb1 Qe6 27. Re1
Qf7 28. Qe4 Rc8 29. Qf4 1-0

c8 29. Qf4 1-0

[Event "XV Bancpost"]
[Site "Miercurea Ciuc"]
[Date "2012.08.09"]
[Round "2.16"]
[White "Camarascu, Radu-Stefan"]
[Black "Benedek, Istvan"]
[Result "1-0"]
[WhiteElo "1790"]
[BlackElo "1688"]
[PlyCount "113"]
[EventDate "2012.??.??"]

1. e4 c5 2. Nc3 e6 3. f4 d5 4. d3 Nc6 5. Nf3 Nf6 6. Bd2 Be7 7. g3 a6 8. Bg2 b5
9. O-O Bb7 10. Qe2 Nb4 11. Rfc1 O-O 12. e5 Nd7 13. Nd1 c4 14. d4 Qb6 15. Bxb4
Bxb4 16. c3 Be7 17. Ne3 f6 18. Bh3 Rae8 19. Ng2 a5 20. Re1 f5 21. g4 g6 22.
gxf5 gxf5 23. Ng5 Bxg5 24. fxg5 Re7 25. Nf4 Rg7 26. Qh5 Kh8 27. Qh6 Rxg5+ 28.
Qxg5 Rg8 29. Qxg8+ Kxg8 30. Kf2 b4 31. Re2 Kf7 32. Rg1 Nf8 33. Nh5 Ng6 34. Ke3
bxc3 35. bxc3 Nxe5 36. Rg7+ Kf8 37. Rxb7 Qxb7 38. dxe5 Qb1 39. Kf2 Qd3 40. Nf4
Qxc3 41. Nxe6+ Ke7 42. Bxf5 d4 43. Nf4 Qc1 44. Nd5+ Ke8 45. Bd7+ Kxd7 46. e6+
Ke8 47. e7 d3 48. Nc7+ Kd7 49. e8=Q+ Kxc7 50. Re7+ Kd6 51. Rd7+ Kc5 52. Qe3+
Qxe3+ 53. Kxe3 Kb4 54. Kd2 Ka3 55. Rc7 Kb4 56. Rxh7 a4 57. Rc7 1-0

a4 57. Rc7 1-0

[Event "XV Bancpost"]
[Site "Miercurea Ciuc"]
[Date "2012.08.09"]
[Round "2.17"]
[White "Benedek, Laszlo"]
[Black "Fugulyan, Grigore"]
[Result "1-0"]
[WhiteElo "1567"]
[BlackElo "1915"]
[PlyCount "59"]
[EventDate "2012.??.??"]

1. e4 e5 2. Nf3 Nc6 3. Bb5 a6 4. Ba4 Nf6 5. O-O b5 6. Bb3 Be7 7. Re1 d6 8. h3
Na5 9. c3 Nxb3 10. Qxb3 Be6 11. Qc2 c5 12. d4 Qc7 13. d5 Bd7 14. Bg5 O-O 15.
Nbd2 h6 16. Bh4 g5 17. Bg3 Nh5 18. Qd1 Nxg3 19. fxg3 f5 20. Nh2 c4 21. Qh5 Kh7
22. Rf1 Qc5+ 23. Kh1 Qe3 24. exf5 Rf6 25. Ng4 Qxd2 26. Nxf6+ Bxf6 27. Qg6+ Kh8
28. Qxh6+ Kg8 29. Qg6+ Bg7 30. f6 1-0

Bg7 30. f6 1-0

[Event "XV Bancpost"]
[Site "Miercurea Ciuc"]
[Date "2012.08.09"]
[Round "2.18"]
[White "Oros, Vlad-Dragos"]
[Black "Sandor, Tamas"]
[Result "1/2-1/2"]
[WhiteElo "1708"]
[BlackElo "1555"]
[PlyCount "66"]
[EventDate "2012.??.??"]

1. e4 e5 2. Nf3 Nc6 3. Bb5 a6 4. Ba4 b5 5. Bb3 Nf6 6. d3 d6 7. h3 Na5 8. c3
Nxb3 9. Qxb3 Be6 10. Qc2 Be7 11. Be3 c5 12. Nbd2 Qc7 13. a4 O-O 14. axb5 axb5
15. O-O Qc6 16. Rxa8 Rxa8 17. Re1 Nd7 18. Nh2 f5 19. f4 Qa6 20. fxe5 dxe5 21.
Nhf3 f4 22. Bf2 Qa4 23. Qxa4 Rxa4 24. b3 Ra3 25. c4 b4 26. Kh2 Kf7 27. g3 g5
28. Rb1 h5 29. Rb2 g4 30. hxg4 hxg4 31. Ne1 f3 32. Nc2 Ra8 33. Ne3 Bg5 1/2-1/2

e3 Bg5 1/2-1/2

[Event "XV Bancpost"]
[Site "Miercurea Ciuc"]
[Date "2012.08.09"]
[Round "2.19"]
[White "Baratosi, Iosif-Gavril"]
[Black "Bucsoiu, Vlad"]
[Result "1/2-1/2"]
[WhiteElo "1677"]
[BlackElo "1450"]
[PlyCount "29"]
[EventDate "2012.??.??"]

1. e4 c5 2. Nc3 Nc6 3. g3 e6 4. Bg2 Qc7 5. Nge2 Nf6 6. d3 Be7 7. h3 d6 8. Be3
a6 9. a4 Nb4 10. O-O d5 11. exd5 Nfxd5 12. Nxd5 Nxd5 13. Bd2 Bf6 14. c3 O-O 15.
Nf4 1/2-1/2

.
Nf4 1/2-1/2

[Event "XV Bancpost"]
[Site "Miercurea Ciuc"]
[Date "2012.08.09"]
[Round "2.20"]
[White "Puscas, Filip-Andrei"]
[Black "Fola, Marcel-Dan"]
[Result "0-1"]
[WhiteElo "1401"]
[BlackElo "1671"]
[PlyCount "106"]
[EventDate "2012.??.??"]

1. e4 e6 2. d4 d5 3. exd5 exd5 4. Nc3 Bb4 5. Bd2 Nf6 6. Bd3 O-O 7. Nf3 Re8+ 8.
Ne5 Nc6 9. Ne2 Bxd2+ 10. Qxd2 Nxe5 11. dxe5 Rxe5 12. O-O c5 13. f4 Re8 14. b3
Qb6 15. c4 Ne4 16. Bxe4 dxe4 17. Rad1 Bg4 18. h3 Rad8 19. Qe3 Bxe2 20. Qxe2 f5
21. Rxd8 Rxd8 22. Rd1 Rd4 23. Rf1 Qd6 24. Kh2 Rd2 25. Qh5 g6 26. Qg5 e3 27. Rf3
Qd4 28. Qe7 Qe4 29. Qxe4 fxe4 30. Rxe3 Rd4 31. g4 Kf7 32. Kg3 a6 33. f5 g5 34.
Kf2 Kf6 35. Re2 Ke5 36. Ke1 Rd3 37. Rf2 Kf6 38. Rh2 h6 39. h4 gxh4 40. Rxh4 Kg5
41. Rh5+ Kxg4 42. Rxh6 Kxf5 43. Rh5+ Kf4 44. Rxc5 Rd7 45. b4 Ke3 46. Rg5 Kd4
47. Rg4 Re7 48. c5 Kc4 49. a3 Kb3 50. Rg3+ e3 51. Ke2 Kxa3 52. Rxe3+ Rxe3+ 53.
Kxe3 Kxb4 0-1


Kxe3 Kxb4 0-1

[Event "XV Bancpost"]
[Site "Miercurea Ciuc"]
[Date "2012.08.09"]
[Round "3.1"]
[White "Vasile, Claudiu-Daniel"]
[Black "Orso, Miklos"]
[Result "0-1"]
[WhiteElo "2099"]
[BlackElo "2353"]
[PlyCount "68"]
[EventDate "2012.??.??"]

1. e4 c5 2. Nf3 d6 3. d4 cxd4 4. Nxd4 Nf6 5. Nc3 a6 6. Be2 e6 7. O-O Be7 8. Be3
O-O 9. f4 Qc7 10. Bf3 Nc6 11. Kh1 Na5 12. Bg1 Nc4 13. Qc1 Bd7 14. g4 d5 15.
exd5 Nxd5 16. Nxd5 exd5 17. g5 Bh3 18. Bg2 Bxg2+ 19. Kxg2 Rfe8 20. f5 Bf8 21.
b3 Nd6 22. Qf4 Re4 23. Qf3 Rae8 24. Rad1 Qc8 25. h3 Qd8 26. g6 hxg6 27. fxg6
Qg5+ 28. Qg3 Qxg3+ 29. Kxg3 fxg6 30. Rd3 Be7 31. Nf3 Re2 32. Nd4 Ne4+ 33. Kg4
Rg2+ 34. Kf3 Rd2 0-1

4. Kf3 Rd2 0-1

[Event "XV Bancpost"]
[Site "Miercurea Ciuc"]
[Date "2012.08.09"]
[Round "3.2"]
[White "Serbanescu, Diana-Maria"]
[Black "Takacs, Balazs"]
[Result "0-1"]
[WhiteElo "1936"]
[BlackElo "2352"]
[PlyCount "142"]
[EventDate "2012.??.??"]

1. e4 c5 2. Nf3 d6 3. d4 cxd4 4. Qxd4 Nc6 5. Bb5 Bd7 6. Bxc6 bxc6 7. Nc3 Qb6 8.
Qd3 e5 9. O-O h6 10. Nd2 Be6 11. Nb3 Nf6 12. Be3 Qc7 13. f4 Ng4 14. h3 Nxe3 15.
Qxe3 exf4 16. Qxf4 Be7 17. Kh1 Bf6 18. Qf3 O-O 19. Rad1 Rab8 20. Rb1 a5 21.
Rfd1 Be5 22. Nd4 Rb4 23. Nf5 Rfb8 24. b3 Bxf5 25. exf5 Rf4 26. Qd3 Bxc3 27.
Qxc3 Rxf5 28. Qg3 Re5 29. Re1 f6 30. c4 Rbe8 31. Qc3 Qb6 32. Rxe5 Rxe5 33. Re1
Qb4 34. Qxb4 axb4 35. Rd1 Re6 36. Kg1 Kf7 37. Kf2 Ke7 38. Rd2 Re5 39. Kf3 f5
40. g4 Ke6 41. gxf5+ Rxf5+ 42. Kg3 Ke5 43. Re2+ Kd4 44. Re6 Kc5 45. Re7 g5 46.
Rh7 Rf6 47. Ra7 d5 48. cxd5 cxd5 49. Ra5+ Kd4 50. Rb5 Ra6 51. Rxb4+ Ke3 52. Rb5
d4 53. Re5+ Kd2 54. Rd5 d3 55. a4 Rb6 56. a5 Rxb3 57. a6 Ra3 58. Rd6 h5 59. Kf3
Ke1 60. Re6+ Kd1 61. Rd6 d2+ 62. Kf2 Rxh3 63. a7 Ra3 64. Rd7 h4 65. Kg2 g4 66.
Kh2 Ra2 67. Kg1 Ke2 68. Re7+ Kf3 69. Rf7+ Kg3 70. Rf1 Rxa7 71. Rd1 Rc7 0-1

1. Rd1 Rc7 0-1

[Event "XV Bancpost"]
[Site "Miercurea Ciuc"]
[Date "2012.08.09"]
[Round "3.3"]
[White "Vrencian, Lehel"]
[Black "Dicu, Razvan-Stefan"]
[Result "0-1"]
[WhiteElo "1900"]
[BlackElo "2217"]
[PlyCount "90"]
[EventDate "2012.??.??"]

1. e4 c5 2. Nf3 e6 3. d4 cxd4 4. Nxd4 Nf6 5. Nc3 Bb4 6. e5 Nd5 7. Qg4 O-O 8.
Bd2 Nxc3 9. bxc3 Be7 10. Bh6 g6 11. h4 Qa5 12. Qg3 Nc6 13. Nxc6 bxc6 14. h5 Rb8
15. Bd2 Ba6 16. c4 Qc5 17. Bd3 Bxc4 18. hxg6 Bxd3 19. gxh7+ Kh8 20. cxd3 f6 21.
exf6 Bxf6 22. Rc1 Qf5 23. Bh6 Be5 24. Qe3 Rf7 25. Rh3 Bb2 26. Rd1 Bc3+ 27. Kf1
Rb2 28. f3 c5 29. Qe4 Qxe4 30. dxe4 Bd4 31. g4 Rf2+ 32. Ke1 R2xf3 33. Rxf3 Rxf3
34. Ke2 Rf2+ 35. Kd3 Kxh7 36. g5 Rxa2 37. Bf8 Kg6 38. Be7 Ra3+ 39. Kc4 Rc3+ 40.
Kb5 Rb3+ 41. Kc4 Rb4+ 42. Kd3 d5 43. exd5 exd5 44. Re1 Rb3+ 45. Kc2 Re3 0-1

5. Kc2 Re3 0-1

[Event "XV Bancpost"]
[Site "Miercurea Ciuc"]
[Date "2012.08.09"]
[Round "3.4"]
[White "Toth, Botond-Artur"]
[Black "Horvath, Imre"]
[Result "0-1"]
[WhiteElo "1738"]
[BlackElo "2281"]
[PlyCount "114"]
[EventDate "2012.??.??"]

1. e4 c6 2. d4 d5 3. Nd2 dxe4 4. Nxe4 Bf5 5. Ng3 Bg6 6. Nf3 e6 7. Bd3 Bd6 8.
O-O Nd7 9. c4 Ngf6 10. b3 Qc7 11. Bb2 Rd8 12. Re1 O-O 13. Bxg6 hxg6 14. Qc2
Rfe8 15. Rad1 c5 16. dxc5 Bxc5 17. Bd4 Bxd4 18. Nxd4 a6 19. Nf3 b5 20. Rc1 Rc8
21. Qd2 Qb7 22. cxb5 Qxb5 23. Qe2 Nd5 24. Qxb5 axb5 25. Ne4 b4 26. Nd6 Rxc1 27.
Rxc1 Nc3 28. Nxe8 Ne2+ 29. Kf1 Nxc1 30. Nd4 Nxa2 31. Nc7 Nc5 32. Nc6 Nxb3 33.
Na6 Kf8 34. Naxb4 Nxb4 35. Nxb4 Ke7 36. Ke2 Kd6 37. Ke3 g5 38. h3 Na5 39. Nd3
Nc6 40. f3 Ne7 41. g3 Nd5+ 42. Ke4 Nc3+ 43. Ke3 e5 44. h4 gxh4 45. gxh4 f5 46.
Nb2 Nd5+ 47. Kf2 Kc5 48. Nd3+ Kd4 49. Ne1 Nb4 50. Ke2 e4 51. fxe4 fxe4 52. Ng2
Nd5 53. h5 Ke5 54. Kf2 Nf4 55. Nh4 Nxh5 56. Ke3 Nf4 57. Kf2 g5 0-1

57. Kf2 g5 0-1

[Event "XV Bancpost"]
[Site "Miercurea Ciuc"]
[Date "2012.08.09"]
[Round "3.5"]
[White "Pessi, Emil-George"]
[Black "Camarascu, Radu-Stefan"]
[Result "1-0"]
[WhiteElo "2237"]
[BlackElo "1790"]
[PlyCount "75"]
[EventDate "2012.??.??"]

1. e4 c5 2. Nc3 Nc6 3. f4 e6 4. Nf3 d5 5. Bb5 Nf6 6. e5 Nd7 7. Bxc6 bxc6 8. O-O
Ba6 9. d3 c4 10. d4 Qb6 11. f5 h6 12. fxe6 fxe6 13. Nh4 O-O-O 14. Ng6 Rg8 15.
Ne2 c5 16. c3 cxd4 17. cxd4 Nb8 18. Nef4 Kb7 19. Rf2 Ka8 20. Bd2 Bc8 21. Bc3
Bb4 22. Qd2 Nc6 23. Raf1 Bd7 24. h4 Rb8 25. Qe3 Qa5 26. Qh3 Qxa2 27. Nxd5 Qa5
28. Nxb4 Nxb4 29. d5 Qa6 30. Rf7 Be8 31. dxe6 Bxf7 32. exf7 Qxg6 33. fxg8=Q
Rxg8 34. e6 Nd5 35. Re1 Nxc3 36. Qf3+ Kb8 37. bxc3 Re8 38. Qf7 1-0

e8 38. Qf7 1-0

[Event "XV Bancpost"]
[Site "Miercurea Ciuc"]
[Date "2012.08.09"]
[Round "3.6"]
[White "Ilie, Maria-Ruxandra"]
[Black "Cornea, Alexandru"]
[Result "0-1"]
[WhiteElo "2004"]
[BlackElo "1872"]
[PlyCount "116"]
[EventDate "2012.??.??"]

1. d4 e6 2. c4 b6 3. e4 Bb7 4. Bd3 f5 5. exf5 Bb4+ 6. Nc3 Bxc3+ 7. bxc3 Bxg2 8.
Qg4 Bxh1 9. Qh5+ Kf8 10. fxe6 Qe8 11. Qf5+ Nf6 12. Ba3+ Kg8 13. f3 Qxe6+ 14.
Qxe6+ dxe6 15. Kf2 Nc6 16. Re1 Re8 17. c5 Nd8 18. Nh3 Bxf3 19. Kxf3 g6 20. Bc4
Kg7 21. cxb6 axb6 22. Ng5 h6 23. Nxe6+ Nxe6 24. Bxe6 Ra8 25. Bb4 Rhe8 26. Re2
Rad8 27. Re5 c5 28. dxc5 Nd7 29. Re3 Nxc5 30. Bc4 Kf6 31. Be2 g5 32. h3 h5 33.
a3 g4+ 34. hxg4 hxg4+ 35. Kf4 Rxe3 36. Kxe3 Kf5 37. Bf1 Re8+ 38. Kf2 Kf4 39. c4
Re3 40. Kg2 Ne4 41. Bf8 Rc3 42. Bg7 Rc2+ 43. Kg1 Ng5 44. Bh6 g3 45. Bd3 Rd2 46.
Bg6 Kg4 47. Bxg5 Kxg5 48. Bf7 Kf4 49. Bd5 Ke5 50. Bc6 Kd4 51. Bd5 Ra2 52. Be6
Rxa3 53. Kg2 Rc3 54. Bf7 Rxc4 55. Bxc4 Kxc4 56. Kxg3 Kc3 57. Kf2 b5 58. Ke1 Kc2
0-1

. Ke1 Kc2
0-1

[Event "XV Bancpost"]
[Site "Miercurea Ciuc"]
[Date "2012.08.09"]
[Round "3.7"]
[White "Ordog, Robert"]
[Black "Georgescu, Gabriel-Ioan"]
[Result "1-0"]
[WhiteElo "1875"]
[BlackElo "1998"]
[PlyCount "93"]
[EventDate "2012.??.??"]

1. e4 c5 2. Nf3 e6 3. d4 cxd4 4. Nxd4 Nf6 5. Nc3 Bb4 6. Bd3 e5 7. Nde2 d5 8.
O-O d4 9. a3 Be7 10. Na2 O-O 11. b4 a6 12. Bb2 b5 13. c3 dxc3 14. Naxc3 Be6 15.
Qc2 Nbd7 16. Nd5 Bxd5 17. exd5 Rc8 18. Nc3 Nb6 19. Qe2 Bd6 20. Rad1 Nc4 21. Ne4
Nxe4 22. Bxe4 f5 23. Bb1 Nxb2 24. Qxb2 Qh4 25. Rc1 e4 26. g3 Qe7 27. Rxc8 Rxc8
28. Rc1 Rf8 29. Qd4 h5 30. Rc6 Ra8 31. Qb6 Rd8 32. Bc2 h4 33. Qe3 Ra8 34. f3
hxg3 35. hxg3 a5 36. bxa5 Rxa5 37. Qb6 exf3 38. Rxd6 Qe1+ 39. Kh2 Qe2+ 40. Kh3
Qg2+ 41. Kh4 Qh2+ 42. Kg5 Qxg3+ 43. Kxf5 Ra8 44. Rd8+ Rxd8 45. Qxd8+ Kh7 46.
Ke6+ Kh6 47. Qh8+ 1-0

6 47. Qh8+ 1-0

[Event "XV Bancpost"]
[Site "Miercurea Ciuc"]
[Date "2012.08.09"]
[Round "3.8"]
[White "Voda, Costel"]
[Black "Varga, Adrienn"]
[Result "1/2-1/2"]
[WhiteElo "1980"]
[BlackElo "1550"]
[PlyCount "40"]
[EventDate "2012.??.??"]

1. e4 e5 2. Nf3 Nc6 3. Bc4 Bc5 4. O-O Nf6 5. d4 Bxd4 6. Nxd4 Nxd4 7. Bg5 O-O 8.
f4 d6 9. fxe5 dxe5 10. Nc3 c6 11. Bxf6 gxf6 12. Ne2 Bg4 13. c3 Nxe2+ 14. Bxe2
Qxd1 15. Bxd1 Bxd1 16. Raxd1 Rad8 17. Kf2 Kg7 18. Rxd8 Rxd8 19. Ke2 h6 20. Rf3
Rd6 1/2-1/2

3
Rd6 1/2-1/2

[Event "XV Bancpost"]
[Site "Miercurea Ciuc"]
[Date "2012.08.09"]
[Round "3.9"]
[White "Turcuman, Dragos-Mihai"]
[Black "Dulman, Egmond-Gabriel"]
[Result "0-1"]
[WhiteElo "1569"]
[BlackElo "2090"]
[PlyCount "44"]
[EventDate "2012.??.??"]

1. e4 c6 2. d4 d5 3. e5 Bf5 4. Nf3 e6 5. Nbd2 Nd7 6. Be2 h6 7. Nb3 Ne7 8. Bd2
Qc7 9. Bb4 Ng6 10. Bxf8 Ngxf8 11. Nh4 Bh7 12. f4 c5 13. c3 c4 14. Nd2 g5 15.
fxg5 hxg5 16. Nhf3 Qd8 17. Rf1 g4 18. Qa4 gxf3 19. Nxf3 Be4 20. h3 Ng6 21. Qb4
Nf4 22. Rf2 Nxe2 0-1

. Rf2 Nxe2 0-1

[Event "XV Bancpost"]
[Site "Miercurea Ciuc"]
[Date "2012.08.09"]
[Round "3.10"]
[White "Osvath, Zoltan"]
[Black "Padurean, Daniel-Cristian"]
[Result "1-0"]
[WhiteElo "1910"]
[BlackElo "1578"]
[PlyCount "71"]
[EventDate "2012.??.??"]

1. e4 e5 2. Nf3 Nc6 3. Bb5 a6 4. Ba4 Nf6 5. O-O b5 6. Bb3 Be7 7. Re1 d6 8. h3
Na5 9. c3 Nxb3 10. Qxb3 Be6 11. Qc2 O-O 12. d4 exd4 13. cxd4 c5 14. Bf4 c4 15.
d5 Bc8 16. Nd4 Bd7 17. Nd2 Qb6 18. Be3 Qc7 19. Rac1 Rac8 20. Qd1 Rfe8 21. f4
Bf8 22. Qf3 Qa5 23. a3 g6 24. Re2 Bg7 25. Bf2 c3 26. Rxc3 Rxc3 27. Qxc3 Qxc3
28. bxc3 Nxd5 29. exd5 Rc8 30. Nb1 Rc5 31. Nc6 Rc4 32. Nd4 Rc5 33. Re7 Bc8 34.
Nc6 Rxd5 35. Re8+ Bf8 36. Ne7+ 1-0

8 36. Ne7+ 1-0

[Event "XV Bancpost"]
[Site "Miercurea Ciuc"]
[Date "2012.08.09"]
[Round "3.11"]
[White "Fola, Marcel-Dan"]
[Black "Adam, Andrea"]
[Result "0-1"]
[WhiteElo "1671"]
[BlackElo "1888"]
[PlyCount "82"]
[EventDate "2012.??.??"]

1. d4 Nf6 2. c4 g6 3. Nc3 d5 4. cxd5 Nxd5 5. Nf3 Bg7 6. e4 Nxc3 7. bxc3 c5 8.
Bb5+ Bd7 9. Bxd7+ Nxd7 10. O-O O-O 11. Be3 cxd4 12. cxd4 b5 13. Rb1 Rb8 14. Qd2
a6 15. d5 Nb6 16. Bxb6 Qxb6 17. Rfc1 Rbc8 18. e5 Rfd8 19. Rxc8 Rxc8 20. a4 Qc5
21. axb5 axb5 22. h3 Rd8 23. Rd1 b4 24. Qd4 Qxd4 25. Rxd4 Rb8 26. Rd1 b3 27.
Rb1 b2 28. Kf1 f6 29. Nd4 fxe5 30. Ne6 Bf6 31. Ke2 Rb5 32. Nc7 Rc5 33. Ne8 Rc2+
34. Kd3 Rxf2 35. Nxf6+ exf6 36. Kc4 Kf7 37. Kc5 Ke7 38. g4 Rc2+ 39. Kb4 Kd6 40.
Kb3 Rc8 41. Kxb2 Rb8+ 0-1

 Kxb2 Rb8+ 0-1

[Event "XV Bancpost"]
[Site "Miercurea Ciuc"]
[Date "2012.08.09"]
[Round "3.12"]
[White "Szakats, Istvan"]
[Black "Banzea, Alexandru-Bogdan"]
[Result "1/2-1/2"]
[WhiteElo "1845"]
[BlackElo "1637"]
[PlyCount "63"]
[EventDate "2012.??.??"]

1. e4 c5 2. Nf3 d6 3. c3 Nf6 4. h3 g6 5. Be2 Bg7 6. O-O O-O 7. d3 Nc6 8. c4 Bd7
9. Nc3 a6 10. Be3 Rb8 11. Qd2 Re8 12. d4 cxd4 13. Nxd4 Nxd4 14. Bxd4 b5 15. e5
dxe5 16. Bxe5 b4 17. Nd5 Nxd5 18. Bxb8 Qxb8 19. Qxd5 Be6 20. Qd2 Rd8 21. Qe3
Bxb2 22. Rab1 Bc3 23. Rfd1 a5 24. Qc5 Rxd1+ 25. Rxd1 Qe5 26. Qe3 Qxe3 27. fxe3
a4 28. Rd8+ Kg7 29. Bd3 Kf6 30. Ra8 a3 31. Kf2 Ke5 32. Ra6 1/2-1/2

2. Ra6 1/2-1/2

[Event "XV Bancpost"]
[Site "Miercurea Ciuc"]
[Date "2012.08.09"]
[Round "3.13"]
[White "Mihaly, Zsolt"]
[Black "Kiraly, Ferenc"]
[Result "1-0"]
[WhiteElo "1652"]
[BlackElo "1836"]
[PlyCount "120"]
[EventDate "2012.??.??"]

1. e4 e5 2. Nf3 Nc6 3. Bb5 a6 4. Ba4 Nf6 5. d3 b5 6. Bb3 Be7 7. O-O d6 8. h3
Na5 9. Nc3 Nxb3 10. axb3 c6 11. Be3 O-O 12. Ne2 Qc7 13. Ng3 d5 14. c3 h6 15.
Qc2 Be6 16. d4 Nxe4 17. Nxe4 dxe4 18. Qxe4 Bd5 19. Qxe5 Bd6 20. Qf5 Bxb3 21.
Nd2 Be6 22. Qc2 Qd7 23. f4 Rfe8 24. Rae1 Bf5 25. Qd1 Re7 26. Qf3 Bd3 27. Rf2
Rae8 28. Nf1 Bc4 29. Nh2 Qc7 30. Ng4 Bxf4 31. Qxf4 Qxf4 32. Rxf4 f6 33. Kf2 h5
34. Nh2 Re6 35. g4 g5 36. Rf3 h4 37. Nf1 a5 38. Nd2 Bd5 39. Rf5 a4 40. Nf1 Be4
41. Rc5 Bd3 42. Nd2 Kg7 43. c4 b4 44. Ra5 Bc2 45. d5 cxd5 46. cxd5 Re5 47. Nf3
Re4 48. Nd4 Bb3 49. Nf5+ Kg6 50. Ra7 Rg8 51. Ne7+ Rxe7 52. Rxe7 Bxd5 53. Bc5
Rb8 54. Ra7 a3 55. bxa3 b3 56. Ree7 Rg8 57. Bd4 Bc4 58. Rec7 Bd5 59. Ra6 Rf8
60. Rc5 Be4 1-0

0. Rc5 Be4 1-0

[Event "XV Bancpost"]
[Site "Miercurea Ciuc"]
[Date "2012.08.09"]
[Round "3.14"]
[White "Ordog, Akos"]
[Black "Ghinea, Constantin"]
[Result "0-1"]
[WhiteElo "1642"]
[BlackElo "1796"]
[PlyCount "86"]
[EventDate "2012.??.??"]

1. e4 e5 2. Nf3 Nc6 3. Bb5 a6 4. Ba4 d6 5. c3 f5 6. Bc2 fxe4 7. Bxe4 d5 8. Bc2
Nf6 9. d4 e4 10. Ne5 Bd6 11. Ba4 Bd7 12. Bxc6 bxc6 13. O-O O-O 14. Bg5 Be8 15.
Nd2 c5 16. Qb3 c6 17. Bxf6 Qxf6 18. Nxe4 Qh6 19. Nxd6 Qxd6 20. Qa3 Bh5 21. Qxc5
Qxc5 22. dxc5 Rac8 23. g4 Be8 24. f4 a5 25. a4 Rb8 26. Rab1 Rb3 27. Nd3 h5 28.
Nc1 Rb7 29. h3 hxg4 30. hxg4 g6 31. Kg2 Bf7 32. b4 d4 33. cxd4 axb4 34. Nb3 Ra8
35. a5 Re8 36. Rf2 Re3 37. Rfb2 Bd5+ 38. Kh2 Rh7+ 39. Kg1 Rg3+ 40. Kf1 Rh1+ 41.
Ke2 Rh2+ 42. Kf1 Bc4+ 43. Ke1 Rg1# 0-1

. Ke1 Rg1# 0-1

[Event "XV Bancpost"]
[Site "Miercurea Ciuc"]
[Date "2012.08.09"]
[Round "3.15"]
[White "Suket, Mate"]
[Black "Benedek, Laszlo"]
[Result "1/2-1/2"]
[WhiteElo "1793"]
[BlackElo "1567"]
[PlyCount "106"]
[EventDate "2012.??.??"]

1. e4 e5 2. Nf3 Nc6 3. Bc4 Bc5 4. O-O Nf6 5. d3 h6 6. Be3 Bb6 7. c3 O-O 8. Qc2
d5 9. exd5 Nxd5 10. Bxd5 Qxd5 11. Bxb6 axb6 12. c4 Qd8 13. Qc3 Re8 14. Re1 f6
15. Nbd2 Bf5 16. Ne4 Bg4 17. Ned2 Qd7 18. h3 Bh5 19. Re3 Kh7 20. a3 Nd4 21. b4
Re6 22. Qb2 Nxf3+ 23. Nxf3 Rae8 24. Rae1 Rd6 25. Qc3 Rd8 26. Rd1 Bxf3 27. Rxf3
e4 28. Re3 Rxd3 29. Rexd3 exd3 30. Rd2 Qd4 31. Qxd4 Rxd4 32. f3 f5 33. Kf2 f4
34. Rd1 Kg6 35. Ke1 Kf5 36. Kd2 Kg5 37. Kc3 Rd7 38. Rxd3 Rxd3+ 39. Kxd3 Kh4 40.
Ke2 Kg3 41. Kf1 g5 42. a4 c6 43. b5 c5 44. Kg1 h5 45. Kf1 g4 46. fxg4 hxg4 47.
hxg4 Kxg4 48. Kf2 Kf5 49. Kf3 Ke5 50. Kg4 Ke4 51. Kg5 Kd4 52. Kxf4 Kxc4 53. Ke4
Kb3 1/2-1/2

4
Kb3 1/2-1/2

[Event "XV Bancpost"]
[Site "Miercurea Ciuc"]
[Date "2012.08.09"]
[Round "3.18"]
[White "Bucsoiu, Vlad"]
[Black "Oros, Vlad-Dragos"]
[Result "1/2-1/2"]
[WhiteElo "1450"]
[BlackElo "1708"]
[PlyCount "36"]
[EventDate "2012.??.??"]

1. d4 d5 2. c4 e6 3. Nc3 Nf6 4. Nf3 Nbd7 5. Bf4 Bb4 6. Qc2 b6 7. a3 Bxc3+ 8.
Qxc3 Ne4 9. Qc2 Bb7 10. e3 h6 11. Bd3 c5 12. cxd5 exd5 13. Bxe4 dxe4 14. Nd2
cxd4 15. Nxe4 O-O 16. O-O Bxe4 17. Qxe4 dxe3 18. Bxe3 Re8 1/2-1/2

e3 Re8 1/2-1/2

[Event "XV Bancpost"]
[Site "Miercurea Ciuc"]
[Date "2012.08.09"]
[Round "3.20"]
[White "Sandor, Tamas"]
[Black "Baratosi, Iosif-Gavril"]
[Result "1/2-1/2"]
[WhiteElo "1555"]
[BlackElo "1677"]
[PlyCount "39"]
[EventDate "2012.??.??"]

1. e4 c5 2. Nf3 Nc6 3. d4 cxd4 4. Nxd4 g6 5. Nc3 Bg7 6. Be3 Nf6 7. Be2 O-O 8.
O-O d5 9. exd5 Nxd5 10. Nxd5 Qxd5 11. Bf3 Qc4 12. c3 Rd8 13. Be2 Qd5 14. Nxc6
bxc6 15. Qxd5 cxd5 16. Rad1 Bb7 17. Rd2 e6 18. Rfd1 a6 19. Bd4 e5 20. Be3
1/2-1/2

. Be3
1/2-1/2

[Event "XV Bancpost"]
[Site "Miercurea Ciuc"]
[Date "2012.08.09"]
[Round "3.22"]
[White "Fugulyan, Grigore"]
[Black "Puscas, Filip-Andrei"]
[Result "1-0"]
[WhiteElo "1915"]
[BlackElo "1401"]
[PlyCount "44"]
[EventDate "2012.??.??"]

1. d4 d5 2. c4 e6 3. e3 Nf6 4. Nf3 Be7 5. Nc3 b6 6. Ne5 Nbd7 7. Nc6 O-O 8. Nxd8
Rxd8 9. Bd3 dxc4 10. Bxc4 c5 11. O-O Bb7 12. Qe2 a6 13. a4 cxd4 14. exd4 Bd6
15. Bg5 Re8 16. Bxf6 Nxf6 17. Rad1 e5 18. d5 e4 19. Rfe1 Bc8 20. h3 Re5 21. Qe3
Bc5 22. Qg3 h6 1-0

22. Qg3 h6 1-0

[Event "XV Bancpost"]
[Site "Miercurea Ciuc"]
[Date "2012.08.09"]
[Round "4.1"]
[White "Takacs, Balazs"]
[Black "Orso, Miklos"]
[Result "1/2-1/2"]
[WhiteElo "2352"]
[BlackElo "2353"]
[PlyCount "22"]
[EventDate "2012.??.??"]

1. e4 d5 2. exd5 Nf6 3. Bb5+ Bd7 4. Be2 Nxd5 5. d4 g6 6. c4 Nb6 7. Nc3 Bg7 8.
c5 Nc8 9. Bf3 Nc6 10. Nge2 O-O 11. O-O e5 1/2-1/2

O-O e5 1/2-1/2

[Event "XV Bancpost"]
[Site "Miercurea Ciuc"]
[Date "2012.08.09"]
[Round "4.2"]
[White "Dicu, Razvan-Stefan"]
[Black "Pessi, Emil-George"]
[Result "1-0"]
[WhiteElo "2217"]
[BlackElo "2237"]
[PlyCount "101"]
[EventDate "2012.??.??"]

1. e4 e5 2. Nf3 Nc6 3. d4 exd4 4. Bc4 Be7 5. c3 Na5 6. Qxd4 Nxc4 7. Qxc4 d6 8.
O-O Nf6 9. Qd3 O-O 10. c4 a6 11. a4 Nd7 12. Nc3 Nc5 13. Qc2 Bf6 14. Re1 Re8 15.
Nd5 Bg4 16. Ra3 c6 17. Nxf6+ Qxf6 18. Rae3 Bxf3 19. Rxf3 Qg6 20. Rfe3 a5 21. b3
h5 22. Bb2 h4 23. f4 Re7 24. f5 Qg5 25. f6 Re6 26. fxg7 Rae8 27. Bd4 Nd7 28.
Qf2 Ne5 29. Rf1 R8e7 30. Bxe5 Rxe5 31. Rf3 Rxe4 32. Rxf7 Qe3 33. Qxe3 Rxe3 34.
Rxe7 Rxe7 35. Rf8+ Kxg7 36. Rd8 Re3 37. Rd7+ Kf6 38. Rxb7 Ke5 39. Re7+ Kd4 40.
Rxe3 Kxe3 41. Kf1 Kd2 42. g4 hxg3 43. h4 d5 44. cxd5 cxd5 45. h5 d4 46. h6 d3
47. h7 Kc2 48. h8=Q g2+ 49. Kxg2 d2 50. Qh7+ Kb2 51. Qd3 1-0

b2 51. Qd3 1-0